Chapman Library

Between one and many: the art and science of public speaking (Record no. 2051)

000 -LEADER
fixed length control field 00451nam a22001577a 4500
020 ## - INTERNATIONAL STANDARD BOOK NUMBER
ISBN 9780072959766
050 ## - LIBRARY OF CONGRESS CALL NUMBER
Classification number PN 4121 bry
100 ## - MAIN ENTRY--AUTHOR NAME
Personal name BRYDON, Steven R.
245 ## - TITLE STATEMENT
Title Between one and many: the art and science of public speaking
250 ## - EDITION STATEMENT
Edition statement 5th. ed.
260 ## - PUBLICATION, DISTRIBUTION, ETC. (IMPRINT)
Place of publication New York
Name of publisher McGraw Hill Higher Education
Year of publication 2006
300 ## - PHYSICAL DESCRIPTION
Number of Pages xxxiv, 445p. : illus. : ref.
700 ## - ADDED ENTRY--PERSONAL NAME
Personal name SCOTT, Michael D.
942 ## - ADDED ENTRY ELEMENTS (KOHA)
Koha item type Books
988 ## - PAGINATION/EXTENT
PAGINATION/EXTENT xxxiv, 445p. : illus. : ref.
Holdings
Koha item type Collection code Shelving location Accession Number Permanent Location Current Location Date acquired Full call number
BooksLendingLending4105 C1Chapman LibraryChapman Library2017-02-11PN 4121 bry
BooksReferenceReference4106 C2Chapman LibraryChapman Library2017-02-11PN 4121 bry


CSUC Chapman Library is a Koha Automated Library.


Contact us: library@csuc.edu.gh.